000 00657nam a2200241Ia 4500
003 OSt
005 20220918210809.0
006 a|||||r|||| 00| 0
007 ta
008 220917b |||||||| |||| 00| 0 eng d
024 _a122,082
037 _cTextual
040 _aARTS
_cARTS
_beng
041 _2eng
_aeng
082 _aWxL, H7 (EV)
100 _aRousseau Locke Hume
_9119251
245 0 _aSocial contract
_b essays
260 _aLondon
_bOxford University Press
_c1947
490 _aWorld's classics; 511
650 _aPOLITICAL SCIENCE
942 _hWxL, H7 (EV)
_cTEXL
_2CC
999 _c245274
_d245274